The descending of Christ into Hell, with some of its attending circumstances and effects considered /

Bibliographic Details
Main Author: Lay member of the Episcopal Church
Format: eBook
Language:English
Series:Early American imprints. Evans (1639-1800) ; no. 26872.
Subjects:
Online Access:Evans Digital Edition

MARC

Tag First Indicator Second Indicator Subfields
LEADER 00000cam a22000001a 4500
001 in00002139104
006 m e d #
007 cr mn mmmmabba
008 841101s1794 nyu s 000 0 eng d
005 20260330213437.5
035 |z w009837 
035 |a MAAR8411014305B 
035 |9 mwa91-53920 
035 |a 339399 
035 |a aas03009837 
040 |a MWA  |c MWA  |e bdrb  |d UtOrBLW 
100 0 |a Lay member of the Episcopal Church. 
245 1 4 |a The descending of Christ into Hell, with some of its attending circumstances and effects considered /  |c By a lay member of the Episcopal Church. 
264 3 |a New-York :  |b Printed [by T. & J. Swords?] for the author,  |c M,DCC,XCIV. [1794] 
300 |a 23 pages, 1 unnumbered page ;  |c (octavo) 
336 |a text  |b txt  |2 rdacontent 
337 |a computer  |b c  |2 rdamedia 
338 |a online resource  |b cr  |2 rdacarrier 
500 |a Evans suggests T. & J. Swords as possible printers. 
510 4 |a Evans  |c 26872 
530 |a Microform version available in the Readex Early American Imprints series. 
533 |a Electronic text and image data.  |b [Chester, Vt. :  |c Readex, a division of Newsbank, Inc.,  |d 2002-2004.  |e Includes files in TIFF, GIF and PDF formats with inclusion of keyword searchable text.  |f (Early American imprints. First series ; no. 26872). 
500 |a Electronic resource. 
600 0 0 |a Jesus Christ  |x Descent into hell. 
752 |a United States  |b New York  |d New York. 
830 0 |a Early American imprints.  |n Series I,  |p Evans (1639-1800) ;  |v no. 26872. 
856 4 1 |u http://proxy.library.tamu.edu/login?url=https://opac.newsbank.com/select/evans/26872  |y Evans Digital Edition  |t 0 
999 |a MARS 
999 f f |s 3e15f23e-2473-3f63-b2b1-69d10ad3bd47  |i 48943c9d-8071-3e0f-8364-1e9405913993  |t 0 
952 f f |a Texas A&M University  |b College Station  |c Electronic Resources  |s www_evans  |d Available Online  |t 0  |h No information provided 
998 f f |t 0  |l Available Online